LEADER 01338nam a2200277 i 4500 001 000000162305 003 CaOOAMICUS 005 20070618000000.0 008 070618s1963 it u000 u ita u 013 $a139669 040 $aSeMil$bita 100 1 $aMussen, Paul H.$0(OLS)http://semarc/name/42935 240 14$aThe psychological development of the child.$0(OLS)http://semarc/title/145926 245 10$aPsicologia dell'età evolutiva /$cPaul H. Mussen professore di psicologia all'Università di Berkeley - California ; versione italiana di Mario Farné ; ampliata a cura di M. W. Battacchi. 260 $aMilano :$bA. Martello,$cstampa 1963. 300 $a143 p. :$bgrafici. ;$c24 cm. 490 0 $aIstituzioni di psicologia scientifica 500 $aContiene : Guida bibliografica. 650 4$aPsicologia infantile.$0(OLS)http://semarc/subject/6507 700 1 $aBattacchi, Marco W.$0(OLS)http://semarc/name/35995 700 1 $aFarné, Mario.$0(OLS)http://semarc/name/42936 830 0$aIstituzioni di psicologia scientifica.$0(OLS)http://semarc/title/23795 850 $aSeMil 852 $aSeMil$W1$xVenegono$y1$m374 17 2 *$j113662$B113662$CSeMilBibl$Z2$F124287 $81 996 $6245$aPsicologia dell'età evolutiva$9(OLS)http://semarc/title/47707 996 $6260$aMilano :$bA. Martello$9(OLS)http://semarc/publisher/32451 LEADER 00917nam a2200229 i 4500 001 000000032755 003 CaOOAMICUS 005 20180830125450.0 008 180830s1851 fr u000 u und u 040 $aSeMil$bita 100 1 $aComtesse Dash,$d<1804-1872>.$0(OLS)http://semarc/name/11488 245 13$aLa bien-aimée du Sacré-Coeur, Jeanne Michu /$cpar Mme la comtesse Dash. 260 $aBruxelles :$bMeline, Cans & C.,$c1851. 300 $a6 v. ;$c18 cm. 500 $aLegati insieme i vol. 1-2, 5-6. - Non posseduti i vol. 3-4. 650 4$aReligiose - Biografie.$0(OLS)http://semarc/subject/2046 774 0 $tTome 1.$g1$w()246250 774 0 $tTome 2.$g2$w()246251 774 0 $tTome 5.$g5$w()246252 774 0 $tTome 6.$g6$w()246253 996 $6245$aLa bien-aimée du Sacré-Coeur, Jeanne Michu$9(OLS)http://semarc/title/44337 996 $6260$aBruxelles :$bMeline, Cans & C.$9(OLS)http://semarc/publisher/33770